Formule 1 - Pilotes de 2024 par photo - Statistiques

Statistiques générales
  • Ce quiz a été pris 140 fois
  • Le résultat moyen est 21 sur 24
Statistiques - réponses
Par images Réponse % Correct
Lewis Hamilton
100%
Pierre Gasly
98%
Charles Leclerc
97%
Max Verstappen
97%
Fernando Alonso
96%
Sergio Perez
95%
Carlos Sainz
94%
Esteban Ocon
94%
Lando Norris
94%
Valterri Bottas
94%
Yuki Tsunoda
94%
Alex Albon
93%
Daniel Ricciardo
93%
Oscar Piastri
93%
George Russell
91%
Lance Stroll
90%
Nico Hulkenberg
90%
Ollie Bearman
86%
Liam Lawson
85%
Franco Colapinto
82%
Kevin Magnussen
81%
Jack Doohan
75%
Zhou Guanyu
73%
Logan Sargeant
56%
Aucun quiz correspondant
Distribution des résultats
% des personnes avec chaque résultat
Percentile par nombre de réponses
Votre historique - résultats
Vous n’avez pas pris ce quiz